000 00659nam a2200229Ia 4500
003 GCL
008 140319s9999 xx 000 0 ara d
040 _aGCL /
_cGCL
082 0 4 _a615.537
_bس ع
100 1 _aسمير يحيى الجمال
245 1 0 _aالعلاج الشافى بالنباتات الطبية /
_cسمير يحيى الجمال
260 _a[S.N] :
_bمكتبة مدبولى
300 _a221 ص
490 _a
650 0 4 _aالطب
650 0 4 _aالادوية
650 0 4 _aالصيدلة
650 0 4 _aالعلاج
650 0 4 _aالعلاج النباتى
650 0 4 _aالنباتات الطبية
942 _2ddc
_cBK
999 _c37714
_d37714